000 01638nam a22002537a 4500
999 _c23002
_d23002
005 20251125232921.0
008 s2526 th tha d
040 _aNALT
041 _atha
090 _aอ AD280.1 ร362น 2526
110 0 _aสำนักงานเลขาธิการรัฐสภา. ศูนย์บริการทางวิชาการและกฎหมาย
245 1 0 _aนามานุกรมรัฐสภา พุทธศักราช 2526
260 3 _aกรุงเทพฯ :
_bศูนย์บริการทางวิชาการและกฎหมาย สำนักงานเลขาธิการรัฐสภา,
_c2526
300 _a174 หน้า ;
_b 21 ซม.
610 _aสำนักงานเลขาธิการรัฐสภา. ศูนย์บริการทางวิชาการและกฎหมาย
650 0 4 _aสมาชิกรัฐสภา -- นามานุกรม -- 2526
650 0 4 _aสมาชิกวุฒิสภา -- นามานุกรม -- 2526
650 0 4 _aสมาชิกสภาผู้แทนราษฎร -- นามานุกรม -- 2526
650 0 4 _aสมาชิกสภาผู้แทนราษฎร -- นามานุกรม -- 2526สมาชิกวุฒิสภา -- นามานุกรม -- 2526สมาชิกรัฐสภา -- นามานุกรม -- 2526
850 _aNALT
856 4 0 _uhttps://hdl.handle.net/20.500.14156/297043
942 _cREF
_2lcc